000 00799nam a2200253Ia 4500
003 OSt
005 20220926005355.0
006 a|||||r|||| 00| 0
007 ta
008 220923b |||||||| |||| 00| 0 eng d
020 _a9788183873758
_c552.5
037 _b43, 17/09/2010, Indu Book Services
_cGeneral Book
040 _aRTL
_cRTL
_beng
041 _2eng
_aeng
082 _aX62:51, Q0
100 _aSRINIVAS P.Saritha
_9310135
245 0 _aMarketing of banking financial services
260 _a New Delhi
_bSerials Publishing
_c2010
300 _axvii, 218p
_ccm.
650 _aCommerce
700 _a REDDY P. Mohan
_9310136
942 _hX62:51, Q0
_cGB
_2CC
999 _c613589
_d613589